Macroalgal biorefineries for the blue economy / (Record no. 49735)

MARC details
000 -LEADER
fixed length control field 02253nam a2200433 a 4500
003 - CONTROL NUMBER IDENTIFIER
control field WSP
005 - DATE AND TIME OF LATEST TRANSACTION
control field 20260416153409.0
008 - FIXED-LENGTH DATA ELEMENTS--GENERAL INFORMATION
fixed length control field 201117s2020 si ob 001 0 eng
020 ## - INTERNATIONAL STANDARD BOOK NUMBER
International Standard Book Number 9789811224294
-- (ebook)
020 ## - INTERNATIONAL STANDARD BOOK NUMBER
Cancelled/invalid ISBN 9789811224287
-- (hbk.)
072 #7 - SUBJECT CATEGORY CODE
Subject category code SCI
Subject category code subdivision 004000
Source bisacsh
072 #7 - SUBJECT CATEGORY CODE
Subject category code SCI
Subject category code subdivision 015000
Source bisacsh
072 #7 - SUBJECT CATEGORY CODE
Subject category code SCI
Subject category code subdivision 034000
Source bisacsh
082 04 - DEWEY DECIMAL CLASSIFICATION NUMBER
Classification number 660.63
Edition number 23
245 00 - TITLE STATEMENT
Title Macroalgal biorefineries for the blue economy /
Statement of responsibility, etc by Alexander Golberg... [et al.]
260 ## - PUBLICATION, DISTRIBUTION, ETC. (IMPRINT)
Place of publication, distribution, etc Singapore :
Name of publisher, distributor, etc World Scientific,
Date of publication, distribution, etc 2020.
300 ## - PHYSICAL DESCRIPTION
Extent 1 online resource (xvi, 288 p.)
520 ## - SUMMARY, ETC.
Summary, etc "This unique compendium provides an insight into the role of emerging marine biorefineries based on macroalgae (seaweeds) in the development of a sustainable use of ocean resources for economic growth-blue economy. The useful reference text shows a complete picture on the motivation to develop seaweed technologies, and how the combination of biology, cultivation technologies and downstream processing with economics can address the social challenges through the blue growth"--Publisher's website.
505 0# - FORMATTED CONTENTS NOTE
Contents Why going to seagriculture? The need for new sources of biomass for bioeconomy and what can seas offer to humanity -- Blue economy and marine biorefinery -- Marine macroalgae -- What is macroalgae biorefinery? -- Environmental impacts of seaweed aquaculture -- The marine biomass feedstock -- Downstream processing -- Examples of applications -- Economics of macroalgae biorefineries.
650 #0 - SUBJECT ADDED ENTRY--TOPICAL TERM
Topical term or geographic name as entry element Algal biofuels.
650 #0 - SUBJECT ADDED ENTRY--TOPICAL TERM
Topical term or geographic name as entry element Marine algae
650 #0 - SUBJECT ADDED ENTRY--TOPICAL TERM
Topical term or geographic name as entry element Marine algae
650 #0 - SUBJECT ADDED ENTRY--TOPICAL TERM
Topical term or geographic name as entry element Marine algae industry.
650 #0 - SUBJECT ADDED ENTRY--TOPICAL TERM
Topical term or geographic name as entry element Marine algae culture.
650 #0 - SUBJECT ADDED ENTRY--TOPICAL TERM
Topical term or geographic name as entry element Sustainable aquaculture.
650 #0 - SUBJECT ADDED ENTRY--TOPICAL TERM
Topical term or geographic name as entry element Biochemical engineering.
700 1# - ADDED ENTRY--PERSONAL NAME
Personal name Golberg, Alexander.
856 40 - ELECTRONIC LOCATION AND ACCESS
Uniform Resource Identifier <a href="https://www.worldscientific.com/worldscibooks/10.1142/11937#t=toc">https://www.worldscientific.com/worldscibooks/10.1142/11937#t=toc</a>
942 ## - ADDED ENTRY ELEMENTS (KOHA)
Koha item type Electronic Books
504 ## - BIBLIOGRAPHY, ETC. NOTE
Bibliography, etc Includes bibliographical references and index.
538 ## - SYSTEM DETAILS NOTE
System details note Mode of access: World Wide Web.
538 ## - SYSTEM DETAILS NOTE
System details note System requirements: Adobe Acrobat Reader.
650 #0 - SUBJECT ADDED ENTRY--TOPICAL TERM
General subdivision Refining.
650 #0 - SUBJECT ADDED ENTRY--TOPICAL TERM
General subdivision Biotechnology.
655 #0 - INDEX TERM--GENRE/FORM
Genre/form data or focus term Electronic books.
Holdings
Withdrawn status Lost status Source of classification or shelving scheme Damaged status Not for loan Home library Location Date of Cataloging Total Checkouts Full call number Barcode Date last seen Uniform Resource Identifier Price effective from Koha item type
    Dewey Decimal Classification     CUTN Central Library CUTN Central Library 16/04/2026   660.63 EB04974 16/04/2026 https://doi.org/10.1142/11937 16/04/2026 Electronic Books